000 00605nam a22001815i 4500
001 171875
003 ES-MaACL
005 20230906214743.0
008 090604s1909 fr |||| | fre d
100 1 _aSollier, Paul.
_9107228
245 1 3 _aLe Doute, leçons faites à l'Université nouvelle de Bruxelles, 1908 /
_cpar le Dr. Paul Sollier.
260 _aParis :
_bFélix Alcan,
_c1909.
300 _aVIII, 407 p. ;
_c23 cm.
490 1 _aBibliothèque de philosophie contemporaine
830 0 _aBibliothèque de philosophie contemporaine
_9181027
852 _aES-MaACL
_jB-7159
999 _c171875
_d171875